George Bush zaháňa v Európe obavy z recidívy studenej vojny
Júnové turné amerického prezidenta po Európe - americký prezident presviedčal Európanov o potrebe budovania protiraketového systému a Rusov o tom, že ich neohrozuje. Stanovisko ľudí k americkým budovateľským zámerom. Ak by sa Washingtonu podarilo presvedčiť Moskvu, Peking, Dillí, Brusel, Prahu atď o...
Saved in:
| Main Author: | |
|---|---|
| Format: | Book Chapter |
| Language: | Slovak |
| Subjects: | |
| Tags: |
No Tags, Be the first to tag this record!
|
MARC
| LEADER | 00000naa$a2200000$$$4500 | ||
|---|---|---|---|
| 001 | 0058863 | ||
| 005 | 20231009073440.7 | ||
| 041 | 0 | |a slo | |
| 044 | |a SK | ||
| 245 | 1 | 0 | |a George Bush zaháňa v Európe obavy z recidívy studenej vojny |c Adrian Peter Pressburg |
| 520 | |a Júnové turné amerického prezidenta po Európe - americký prezident presviedčal Európanov o potrebe budovania protiraketového systému a Rusov o tom, že ich neohrozuje. Stanovisko ľudí k americkým budovateľským zámerom. Ak by sa Washingtonu podarilo presvedčiť Moskvu, Peking, Dillí, Brusel, Prahu atď o zapojení do celosvetovej monitorovacej radarovej siete, prinieslo by im to veľa bezpečnostných výhod, prišli by však o kus nezávislosti a museli by sa prispôsobiť spoločným pravidlám. | ||
| 610 | 2 | 0 | |a Amerika |
| 610 | 2 | 0 | |a politika bezpečnostná |
| 610 | 2 | 0 | |a Európa |
| 610 | 2 | 0 | |a Rusko |
| 610 | 2 | 0 | |a Čína |
| 610 | 2 | 0 | |a India |
| 100 | 1 | |a Pressburg, Adrian Peter | |